Fasañas imposibles (Registro nro. 157565)

Detalles MARC
001 - NÚMERO DE CONTROL
campo de control 619728
005 - FECHA Y HORA DE LA ÚLTIMA TRANSACCIÓN
campo de control 20241011090603.0
007 - CAMPO FIJO DE DESCRIPCIÓN FÍSICA--INFORMACIÓN GENERAL
campo de control de longitud fija vf|||
008 - DATOS DE LONGITUD FIJA--INFORMACIÓN GENERAL
campo de control de longitud fija 000906s1995 spa
035 ## - NÚMERO DE CONTROL DEL SISTEMA
Número de control de sistema 619728
040 ## - FUENTE DE LA CATALOGACIÓN
Centro/agencia transcriptor comduadb
041 ## - CÓDIGO DE LENGUA
Código de lengua del texto/banda sonora o título independiente spa
080 ## - NÚMERO DE LA CLASIFICACIÓN DECIMAL UNIVERSAL
Número de la Clasificación Decimal Universal V
100 10 - ENTRADA PRINCIPAL--NOMBRE DE PERSONA
Nombre de persona Mora Melendez, Fernando
Código de función drt
Término indicativo de función/relación Director/a
9 (RLIN) 304976
245 10 - MENCIÓN DE TÍTULO
Título Fasañas imposibles
260 ## - PUBLICACIÓN, DISTRIBUCIÓN, ETC.
Lugar de publicación, distribución, etc. Medellín :
Nombre del editor, distribuidor, etc. Editorial Universidad de Antioquia,
Fecha de publicación, distribución, etc. 1995 ;
Lugar de publicación, distribución, etc. Medellín :
Nombre del editor, distribuidor, etc. Beneficencia de Antioquia,
Fecha de publicación, distribución, etc. 1995.
300 ## - DESCRIPCIÓN FÍSICA
Extensión 1 Videocasete (VHS) (27min.) : son., col.
500 ## - NOTA GENERAL
Nota general Se inicia en el minuto 0.63 del video.
500 ## - NOTA GENERAL
Nota general Fasañas imposibles es una produccion en conmemoracion de los cien años del nacimiento de Leon de Greiff.
520 3# - SUMARIO, ETC.
Sumario, etc. Resumen: Un bello recuento dramatizado de la vida del gran poeta antioqueno Leon de Greiff, con fragmentos de su poesia entreverados.
600 14 - PUNTO DE ACCESO ADICIONAL DE MATERIA--NOMBRE DE PERSONA
Nombre de persona Greiff, León de,
Fechas asociadas al nombre 1895-1976
9 (RLIN) 276076
650 #7 - PUNTO DE ACCESO ADICIONAL DE MATERIA--TÉRMINO DE MATERIA
Término de materia o nombre geográfico como elemento de entrada Biografías
Fuente del encabezamiento o término lemb
9 (RLIN) 1340
650 #7 - PUNTO DE ACCESO ADICIONAL DE MATERIA--TÉRMINO DE MATERIA
Término de materia o nombre geográfico como elemento de entrada Poetas antioqueños
Fuente del encabezamiento o término lemb
9 (RLIN) 475
650 #7 - PUNTO DE ACCESO ADICIONAL DE MATERIA--TÉRMINO DE MATERIA
Término de materia o nombre geográfico como elemento de entrada Autores antioqueños
Fuente del encabezamiento o término lemb
9 (RLIN) 202942
700 10 - ENTRADA AGREGADA--NOMBRE PERSONAL
Nombre de persona Correa, Elena
Código de función drt
Término indicativo de función/relación Director/a
9 (RLIN) 313597
700 10 - ENTRADA AGREGADA--NOMBRE PERSONAL
Nombre de persona Correa Herrera, Ernesto
Código de función pro
Término indicativo de función/relación Productor/a
9 (RLIN) 585535
773 0# - ENLACE AL DOCUMENTO FUENTE/ENTRADA DE REGISTRO ANFITRIÓN
Título Alvaro Mutis : visita a la Universidad de Antioquia, abril 28 de 1993
Número de control del registro 583510
Número bibliográfico anfitrión 146909
942 ## - ELEMENTOS DE ENTRADA AGREGADA (KOHA)
Tipo de ítem Koha Libros
Suprimir en OPAC No

No hay ítems disponibles.